| 000 | 00507nam a2200181 a 4500 | ||
|---|---|---|---|
| 005 | 20140412111335.0 | ||
| 008 | 031017s19uu xx 00 eng d | ||
| 050 |
_aTR(GS 372.4 _bB35 L.2 |
||
| 050 |
_aTR(GS 372.4 _bB35 L.2 (CWA) |
||
| 100 | _aBereiter, Carl | ||
| 245 |
_aOPEN COURT READING L.2 BK. 1 / _cCarl Bereiter & et al. |
||
| 260 |
_aColumbus, Ohio : _bSRA/McGraw-Hill, _c2005. |
||
| 300 | _a345 | ||
| 440 | _aSRA: Open Court Reading | ||
| 999 |
_c105017 _d105017 |
||